| 000 | 01617nam a2200289 a 4500 | ||
|---|---|---|---|
| 001 | BRCA_2033 | ||
| 005 | 20190320203638.0 | ||
| 008 | 310708s1953----mx-a---###---#000-0#spa-# | ||
| 050 | 4 |
_aF1226 _b.R59 1953 |
|
| 100 | 1 |
_aRiva Palacio, Vicente _d1832-1896 _91019 |
|
| 245 | 1 | 0 |
_aMéxico a través de los siglos _bhistoria general y completa del desenvolvimiento social, político, religioso, militar, artístico, científico y literario de México desde la antigüedad más remota hasta la época actual : obra única en su género _cdirección general Vicente Riva Palacio ; escrita por Juan de Dios Arias ... [et al.]. |
| 260 |
_aMéxico _bCumbre _c1953 |
||
| 300 |
_a5 v. _bil. (algunas a color) _c31 cm. |
||
| 505 | 0 | _aContenido : v.1. Historia antigua y de la conquista / D. Alfredo Chavero. -- v.2. El virreinato : historia de la dominación española en México desde 1521 á 1808 / D. Vicente Riva Palacio. -- v.3. La guerra de independencia / D. Julio Zárate. -- v.4. México independiente 1821-1855 / D. Enrique Olavarría y Ferrari. -- v.5. La reforma / D. José M. Vigil | |
| 651 | 4 |
_aMéxico _xHistoria _9614 |
|
| 651 | 4 |
_aMéxico _vTrabajos Ilustrados _xHistoria _96216 |
|
| 651 | 4 |
_aMéxico _vBiografías _92411 |
|
| 651 | 4 |
_aMéxico _vBiografías _xRetratos _96217 |
|
| 700 | 1 |
_aArias, Juan de Dios _96218 |
|
| 740 | 0 | _aHistoria antigua y de la conquista | |
| 740 | 0 | _aEl virreinato : historia de la dominación española en México desde 1521 á 1808 | |
| 740 | 0 | _aLa guerra de independencia | |
| 740 | 0 | _aMéxico independiente 1821-1855 | |
| 740 | 0 | _aLa reforma | |
| 902 | _aREF | ||
| 942 |
_2lcc _cB |
||
| 999 |
_c1799 _d1799 |
||